000 01637nam0a2200373 4500
001 RU\NLR\bibl\286584
005 20260405224707.0
010 _a5-8211-0185-9
_9120
021 _aRU
_b2002-10612
_9526
035 _a(NLR Aleph) 000282005
090 _a1650352
_c1650352
100 _a20020703d2001 |||y0rusy50 ca
101 0 _arus
_deng
102 _aRU
105 _aa |||||||||
200 1 _aСтатистический анализ среднедушевого денежного дохода в регионах России
_fИ. А. Герасимова, А. П. Коваленко
210 _aМ.
_cЦЭМИ
_d2001
215 _a81 с.
_cил.
_d21
225 1 _aПрепринт
_fЦентр. экон.-мат. ин-т, Рос. акад. наук
_v# WP/2001/128
300 _aРез. на англ. яз.
320 _aБиблиогр.: с. 61-62
606 1 _aДоходы населения
_xСтатистика
_91021051
_3RU\NLR\AUTH\66390201
610 0 _aРеальные доходы населения - Статистические методы изучения
686 1 _aУ051.9(2)2-94
686 1 _aУ9(2)-942(2Р)
700 1 _4070
_8rus
_7ca
_aГерасимова
_bИ. А.
_cканд. экон. наук
_f1938-
_gИрина Александровна
_3RU\NLR\auth\77102766
_985692
701 1 _4070
_aКоваленко
_bА. П.
_cд-р техн. наук
_gАндрей Петрович
_9145187
_3RU\NLR\AUTH\770145223
801 0 _aRU
_bRKP
_c20020703
_gPSBO
801 1 _aRU
_bRKP
_c20020703
801 2 _aRU
_bNLR
_c20110904
_grcr
942 _cBOOK
980 _aNB